000 00703nam a22002417a 4500
003 UA-OsUOA
001 31832
007 ta
008 20050112b un ||||| |||| 00| 0 ukr d
090 _a336.143
_bМ58
942 _cBK
040 _aUA-OsUOA
_bukr
_cUA-OsUOA
_dUA-OsUOA
245 _aМіжбюджетні відносини центру та регіонів
_bМатеріали міжнар. наук. - практ. конф. , Київ, 29 черв. 2004 р.
_cРед. П.І.Гайдуцький
300 _a160 с.
955 _a0
041 _aukr
080 _a336.143
020 _a966-669-113-2
260 _aКиїв
_c2004
044 _aUA
650 7 _2UDC
999 _c318266
_d318266